000 00685nam a2200289Ia 4500
005 20260324124138.0
008 008 260324s9999 xx 000 0 eng d
020 _a9781936331147
037 _aEBOOK
040 _aCRL
040 _beng
040 _cCRL
041 _2eng
041 _aeng
084 _qCRL
100 _aDouglas S. Eisinger
_91173020
245 0 _aSmog Check
245 0 _bScience, Federalism, and the Politics of Clean Air
260 _bTaylor and Francis
260 _c2011
365 _a
365 _b240
856 _uhttp://www.taylorfrancis.com/books/9781936331147
942 _cEBOOK
999 _c1767167
_d1767167